[Event "FIDE World Bl Team Pool B"]
[Site "Almaty"]
[Date "2024.08.05"]
[Round "1.22"]
[White "Wageih, Kareim"]
[Black "Derksen, Vadim"]
[Result "1-0"]
[WhiteElo "2402"]
[BlackElo "1735"]
[PlyCount "59"]
[EventDate "2024.08.05"]
[EventType "team (blitz)"]
[EventRounds "7"]
[EventCountry "KAZ"]
[SourceTitle "CBM 221 Extra"]
[Source "ChessBase"]
[SourceDate "2024.09.30"]
[SourceVersion "1"]
[SourceVersionDate "2024.09.30"]
[SourceQuality "1"]
[WhiteTeam "Egypt"]
[BlackTeam "Chess Academy Pvl"]
[WhiteTeamCountry "EGY"]
[BlackTeamCountry "KAZ"]

1. d4 g6 2. Nf3 Bg7 3. e3 b6 4. c4 Bb7 5. Nc3 d6 6. Be2 Nd7 7. 0-0 e6 8. b4 Ne7 9. a4 a6 10. Ba3 c5 11. bxc5 dxc5 12. Qb3 Qc7 13. Rad1 0-0 14. d5 exd5 15. Nxd5 Nxd5 16. cxd5 Qd6 17. e4 Ne5 18. Nxe5 Bxe5 19. g3 Rfe8 20. f4 Bg7 21. e5 Bxe5 22. fxe5 Qxe5 23. Bf3 Rad8 24. d6 Bxf3 25. Rxf3 Rd7 26. Bb2 Qe4 27. Rdf1 Rf8 28. Qxb6 Qxa4 29. Qxc5 Qc2 30. Qxc2 1-0

[Event "FIDE World Rapid Team"]
[Site "Almaty"]
[Date "2024.08.04"]
[Round "12.27"]
[White "Zeynyshev, Elnur"]
[Black "Derksen, Vadim"]
[Result "1-0"]
[WhiteElo "1812"]
[BlackElo "1735"]
[PlyCount "97"]
[EventDate "2024.08.02"]
[EventType "team (rapid)"]
[EventRounds "12"]
[EventCountry "KAZ"]
[SourceTitle "CBM 221 Extra"]
[Source "ChessBase"]
[SourceDate "2024.09.30"]
[SourceVersion "1"]
[SourceVersionDate "2024.09.30"]
[SourceQuality "1"]
[WhiteTeam "Future GM"]
[BlackTeam "Chess Academy Pvl"]
[WhiteTeamCountry "KAZ"]
[BlackTeamCountry "KAZ"]

1. e4 c5 2. Nf3 Nc6 3. Bb5 g6 4. Bxc6 bxc6 5. 0-0 Bg7 6. c3 e5 7. d4 cxd4 8. cxd4 exd4 9. Nxd4 Ne7 10. Nc3 0-0 11. Be3 f5 12. Qb3+ Kh8 13. Rfd1 Qc7 14. Bg5 Rb8 15. Qc2 Ng8 16. exf5 Bxd4 17. Rxd4 Rxf5 18. Bh4 Qb6 19. Rd2 d5 20. Ne2 h6 21. Nd4 Rf4 22. Bg3 Rxd4 23. Rxd4 Bf5 24. Qc3 Qxb2 25. Qxb2 Rxb2 26. Be5+ Kh7 27. Rxd5 Rxf2 28. Kxf2 cxd5 29. Rc1 g5 30. Rc7+ Kg6 31. Rg7+ Kh5 32. Rxg8 d4 33. Bxd4 a5 34. Ra8 a4 35. Rxa4 g4 36. Ra5 Kg6 37. Rxf5 Kxf5 38. a4 h5 39. a5 g3+ 40. Kxg3 Ke4 41. a6 Kd3 42. a7 Kc4 43. a8Q h4+ 44. Kxh4 Kb3 45. Qc6 Kb4 46. Qc5+ Kb3 47. Qc3+ Ka4 48. Qb2 Ka5 49. Qb3 1-0

[Event "FIDE World Rapid Team"]
[Site "Almaty"]
[Date "2024.08.02"]
[Round "1.39"]
[White "Askarov, Bakhtiyar"]
[Black "Derksen, Vadim"]
[Result "1-0"]
[WhiteElo "2280"]
[BlackElo "1735"]
[PlyCount "85"]
[EventDate "2024.08.02"]
[EventType "team (rapid)"]
[EventRounds "12"]
[EventCountry "KAZ"]
[SourceTitle "CBM 221 Extra"]
[Source "ChessBase"]
[SourceDate "2024.09.30"]
[SourceVersion "1"]
[SourceVersionDate "2024.09.30"]
[SourceQuality "1"]
[WhiteTeam "Greco"]
[BlackTeam "Chess Academy Pvl"]
[WhiteTeamCountry "KAZ"]
[BlackTeamCountry "KAZ"]

1. d4 Nf6 2. Nf3 e6 3. g3 c5 4. Bg2 cxd4 5. Nxd4 d5 6. 0-0 Be7 7. c4 0-0 8. cxd5 Nxd5 9. e4 Nf6 10. Nc3 e5 11. Ndb5 Qxd1 12. Rxd1 Nc6 13. Nd5 b6 14. Bd2 Bg4 15. Rdc1 Nxd5 16. exd5 Nd4 17. d6 Bxd6 18. Nxd6 Rad8 19. Bb4 Ne2+ 20. Kf1 Nxc1 21. Rxc1 Rb8 22. Rc7 a5 23. Ba3 Be6 24. b3 Rfd8 25. Ke2 b5 26. Bc5 a4 27. Ba7 Ra8 28. Bxa8 axb3 29. axb3 Rxa8 30. b4 Rd8 31. Nxb5 e4 32. Nd4 Bg4+ 33. Ke3 Bh5 34. b5 f5 35. b6 g5 36. b7 f4+ 37. gxf4 gxf4+ 38. Kxf4 Rf8+ 39. Kg5 e3 40. Nf5 exf2 41. Nh6+ Kh8 42. Bd4+ Rf6 43. b8R+ 1-0

[Event "FIDE World Rapid Team"]
[Site "Almaty"]
[Date "2024.08.02"]
[Round "2.44"]
[White "Bolat, Inayat"]
[Black "Derksen, Vadim"]
[Result "1-0"]
[WhiteElo "2264"]
[BlackElo "1735"]
[PlyCount "87"]
[EventDate "2024.08.02"]
[EventType "team (rapid)"]
[EventRounds "12"]
[EventCountry "KAZ"]
[SourceTitle "CBM 221 Extra"]
[Source "ChessBase"]
[SourceDate "2024.09.30"]
[SourceVersion "1"]
[SourceVersionDate "2024.09.30"]
[SourceQuality "1"]
[WhiteTeam "Chess Mates"]
[BlackTeam "Chess Academy Pvl"]
[WhiteTeamCountry "KAZ"]
[BlackTeamCountry "KAZ"]

1. e4 c5 2. Nf3 Nc6 3. Bb5 g6 4. 0-0 Bg7 5. c3 a6 6. Qa4 Rb8 7. Bxc6 dxc6 8. d4 b5 9. Qc2 c4 10. Nbd2 c5 11. dxc5 Qc7 12. Re1 Qxc5 13. Nf1 Bb7 14. Be3 Qc7 15. Rad1 Nf6 16. Bd4 Nh5 17. Bxg7 Nxg7 18. Ne3 0-0 19. Qb1 Rbd8 20. h3 Ne6 21. Ng4 Nf4 22. Rd4 Nd3 23. Re3 h5 24. Ngh2 Rxd4 25. cxd4 Qf4 26. g3 Qd6 27. b3 Bc8 28. bxc4 bxc4 29. Qc2 Nb4 30. Qxc4 a5 31. e5 Qd7 32. Ng5 Qf5 33. Nhf3 Ba6 34. Qc5 Qb1+ 35. Re1 Qxa2 36. Qxe7 Nd3 37. Rf1 Qc4 38. e6 Nf4 39. Re1 Nd3 40. exf7+ Rxf7 41. Qe8+ Kg7 42. Ne6+ Kf6 43. Qh8+ Kf5 44. Nh4# 1-0

[Event "FIDE World Rapid Team"]
[Site "Almaty"]
[Date "2024.08.02"]
[Round "4.33"]
[White "Ermekbaev, Iliyas"]
[Black "Derksen, Vadim"]
[Result "0-1"]
[WhiteElo "1621"]
[BlackElo "1735"]
[PlyCount "76"]
[EventDate "2024.08.02"]
[EventType "team (rapid)"]
[EventRounds "12"]
[EventCountry "KAZ"]
[SourceTitle "CBM 221 Extra"]
[Source "ChessBase"]
[SourceDate "2024.09.30"]
[SourceVersion "1"]
[SourceVersionDate "2024.09.30"]
[SourceQuality "1"]
[WhiteTeam "Chess Empire"]
[BlackTeam "Chess Academy Pvl"]
[WhiteTeamCountry "KAZ"]
[BlackTeamCountry "KAZ"]

1. e4 c5 2. Nf3 Nc6 3. d4 cxd4 4. Nxd4 Nf6 5. Nc3 e5 6. Ndb5 d6 7. Bg5 a6 8. Na3 b5 9. Bxf6 gxf6 10. Nd5 f5 11. Bd3 Be6 12. 0-0 Bg7 13. Qh5 f4 14. c4 b4 15. Nc2 a5 16. Kh1 Bxd5 17. exd5 Ne7 18. Rad1 Ng6 19. g3 Qf6 20. Be4 Rc8 21. b3 0-0 22. Ne1 fxg3 23. hxg3 h6 24. Nf3 a4 25. Rg1 axb3 26. axb3 Ra8 27. Nh4 Nxh4 28. gxh4 Ra2 29. f3 Qf4 30. Rg2 Rxg2 31. Kxg2 Ra8 32. Rf1 Ra2+ 33. Rf2 Ra1 34. Qg4 Qc1 35. Qc8+ Bf8 36. Qg4+ Kh8 37. Qf5 Qh1+ 38. Kg3 Rg1+ 0-1